000 01350nam a2200301Ia 4500
003 OSt
005 20200925214849.0
008 191128s2007 ck gr 000 0 spa d
020 _a9789586521789
_qv.1
020 _a9789586521796
_qv.2
020 _a9789586521802
_qv.3
020 _a9789586521819
_qv.4
020 _a9789586521826
_qv.5
040 _aCO-JMCR
_cCO-JMCR
041 0 _aspa
082 0 4 _a923.2 /
_bL791c
_223
100 1 _aLleras Restrepo, Carlos,
_eautor
_91861
245 1 0 _aCarlos Lleras Restrepo :
_bobras selectas /
_cCarlos Lleras Restrepo
260 _aBogotá :
_bESAP,
_c2007
300 _a5 volúmenes :
_bfotografías a blanco y negro ;
_c24 cm.
505 0 _g v.1
_tEscritos de historia, arte y literatura /
_rprólogo, Belisario Betancur
_gv.2
_tEscritos económicos /
_rprólogo, Abdón Espinosa Valderrama
_gv.3
_tEscritos políticos /
_rprólogo, Otto Morales Benítez
_gv.4
_tDocumentos de gobierno /
_rprólogo, Fernando Hinestrosa
_gv.5
_tMemorias
_rprólogo, Patricia Lara Salive
600 1 4 _aLleras Restrepo, Carlos,
_d1908-1994
_vcolecciones de escritos
_xpensamiento político
_910898
600 1 4 _aLleras Restrepo, Carlos,
_d1908-1994
_xhomenajes póstumos
_910899
650 1 4 _aPensamiento económico
_910900
650 1 4 _aPensamiento político
_910901
650 1 4 _aPensamiento social
_910902
942 _2ddc
_cBK
999 _c6246
_d6246